| 000 | 00000cam 2200000zi 4500 |
| 001 | 9.923064 |
| 003 | CaOODSP |
| 005 | 20251230104851 |
| 006 | m o d f |
| 007 | cr cn||||||||| |
| 008 | 230523e202303 oncd o f000 0 eng d |
| 020 | |a9780660488356 |
| 040 | |aCaOODSP|beng|erda|cCaOODSP |
| 043 | |an-cn--- |
| 086 | 1 |aSW21-190/2023E-PDF |
| 245 | 00|aAttitudes, awareness and behaviours surrounding 2SLGBTQI+ communities in Canada : |breport / |cprepared for Women and Gender Equality Canada. |
| 264 | 1|a[Ottawa] : |bWomen and Gender Equality Canada = Femmes et égalité des genres Canada, |cMarch 2023. |
| 264 | 4|c©2023 |
| 300 | |a1 online resource (56 pages) : |bgraphs + |eexecutive summary (7 unnumbered pages) |
| 336 | |atext|btxt|2rdacontent |
| 337 | |acomputer|bc|2rdamedia |
| 338 | |aonline resource|bcr|2rdacarrier |
| 500 | |aIssued also in French under title: Attitudes, sensibilisation, et comportements à l'égard des communautés 2ELGBTQI+ au Canada : rapport. |
| 500 | |a"Supplier name: Abacus Data." |
| 500 | |a"Contract number: CW2269468 - 1W190-230264." |
| 500 | |a"Registration Number: POR 111-22." |
| 650 | 0|aSexual minorities|zCanada|xPublic opinion. |
| 650 | 0|aPublic opinion|zCanada. |
| 710 | 1 |aCanada. |bWomen and Gender Equality Canada, |eissuing body. |
| 710 | 2 |aAbacus Data, |econsultant. |
| 775 | 08|tAttitudes, sensibilisation, et comportements à l'égard des communautés 2ELGBTQI+ au Canada : |w(CaOODSP)9.923065 |
| 856 | 40|qPDF|s1.01 MB|uhttps://publications.gc.ca/collections/collection_2023/fegc-wage/SW21-190-2023-eng.pdf|zReport |
| 856 | 40|qPDF|s260 KB|uhttps://publications.gc.ca/collections/collection_2023/fegc-wage/SW21-190-2023-1-eng.pdf|zExecutive summary |
| 856 | 4 |qHTML|sN/A|uhttps://epe.bac-lac.gc.ca/100/200/301/pwgsc-tpsgc/por-ef/women_gender_equality_Canada/2023/111-22-e/POR111-22-Report.html|zReport |
| 856 | 4 |qHTML|sN/A|uhttps://epe.bac-lac.gc.ca/100/200/301/pwgsc-tpsgc/por-ef/women_gender_equality_Canada/2023/111-22-e/summary/POR111-22-ExecutiveSummary.html|zExecutive summary |